Semantics and communication

保存先:
書誌詳細
第一著者: Condon, John C.
フォーマット: 図書
言語:Undetermined
出版事項: New York Macmillan Publishing Company 1985
主題:
タグ: タグ追加
タグなし, このレコードへの初めてのタグを付けませんか!
Thư viện lưu trữ: Trung tâm Học liệu Trường Đại học Cần Thơ
LEADER 00517nam a2200181Ia 4500
001 CTU_89474
008 210402s9999 xx 000 0 und d
082 |a 001.5419 
082 |b C746 
100 |a Condon, John C. 
245 0 |a Semantics and communication 
245 0 |c John C. Condon 
260 |a New York 
260 |b Macmillan Publishing Company 
260 |c 1985 
650 |a Communication,Interpersonal relations,Semantics 
904 |i Mai Loan 
980 |a Trung tâm Học liệu Trường Đại học Cần Thơ